| 000 | 00548cam a2200193 a 4500 | ||
|---|---|---|---|
| 999 |
_c1345 _d1345 |
||
| 001 | 19188 | ||
| 003 | BD-DhUAP | ||
| 005 | 20200205165124.0 | ||
| 008 | 200205s2012 bg k 001 0 eng | ||
| 040 |
_aBD-DhUAP _cBD-DhUAP _dBD-DhUAP _bEng |
||
| 082 | 0 | 0 |
_a345.4920325 RAH _223 |
| 100 | 1 | _aRahman, Md. Mukhlasur. | |
| 245 | 1 | 0 |
_aPre-emption laws in Bangladesh / _cMd. Mukhlasur Rahman. |
| 260 |
_aDhaka : _bUniversal book house, _cc2012. |
||
| 300 |
_a212 p. ; _c22 cm. |
||
| 650 | 0 |
_aPre-emption _zBangladesh. |
|
| 942 |
_2ddc _cBK |
||